| 000 | 00934nas a2200289 4500 | ||
|---|---|---|---|
| 001 | BR2011004963 | ||
| 003 | BR-BrBNA | ||
| 005 | 20231205115549.0 | ||
| 007 | ta | ||
| 008 | 230509b bl.|||p| |||| 00| 00por d | ||
| 040 |
_aBR-BrBNA _bpor _cBiblioteca Nacional de Agricultura |
||
| 041 | _a(En) | ||
| 072 | _aL73 | ||
| 100 | 1 | _aBonapaz, R. dos S. | |
| 100 | 1 | _aHermes-Uliana, C. | |
| 100 | 1 | _aSantos, F. do N. | |
| 100 | 1 | _aSilva, A.V. da | |
| 100 | 1 | _aAraújo, E.J. de A. | |
| 100 | 1 | _aSant'Ana, D. de M.G. | |
| 245 | 1 | _aEffects of infection with Toxoplasma gondii oocysts on the intestinal wall and the myenteric plexus of chicken (Gallus gallus) | |
| 650 | _aGALINHA | ||
| 650 | _aTOXOPLASMA GONDII | ||
| 650 | _aINTESTINO | ||
| 773 | 0 |
_tPesquisa Veterinária Brasileira (Brazil) _xISSN 0100-736X _g(Sep 2010), v. 30(9) p. 787-792 _wBR2011004963 |
|
| 909 |
_a202311 _bLúcia _c55 _dLúcia Elande |
||
| 942 |
_2AGRIS _n0 _cANA |
||
| 999 |
_c214468 _d214468 |
||